| 000 | 00652nam a2200205 i 4500 | ||
|---|---|---|---|
| 001 | 146277 | ||
| 003 | ES-MaACL | ||
| 005 | 20250902014404.0 | ||
| 007 | t| | ||
| 008 | 070906s1970 sp ||||1| spa d | ||
| 080 | _a658.8 | ||
| 100 | 1 |
_aTrabucchi, Romano. _9111206 |
|
| 245 | 1 | 0 |
_aCómo implantar una moderna distribución comercial / _cpor Romano Trabucchi ; traductor, M. Poblete Ruiz. |
| 260 |
_aMadrid : _bIbérico Europea, _c[1970] |
||
| 300 |
_a101 p. : _bil. ; _c21 cm. |
||
| 650 | 1 | 7 |
_aDistribución comercial _2embne _911951 |
| 700 | 1 |
_aPoblete Ruiz, Manuel. _992692 |
|
| 852 |
_aES-MaACL _jC-46283 _bR.74210 |
||
| 999 |
_c146277 _d146277 |
||